000 01318cam a22003617a 4500
003 CHAP
005 20220329142644.0
008 010920d2001 mx r 00110 spa d
010 _a86059
011 _a87031
035 _a97572
040 _cCHAP
090 _aTesis
100 0 0 _aRamírez González, Zaferino.
_994034
245 1 0 _aEficiencias de aplicación del riego en el módulo 10 del Distrito de Riego 097 "Lázaro Cárdenas"
_c/por Zeferino Ramírez González
260 _aChapingo, Méx. :
_bEl autor,
_c2002.
300 _a129 h. ;
_b+ plano
502 _aTesis (Ing. en Irrigación) --UACH. Departamento de Irrigación
590 _aALEPH
_b10
_c20130110
_lUCH01
_h1447
590 _aBATCH-UPD
_b10
_c20130110
_lUCH01
_h0309
590 _aBATCH-UPD
_b10
_c20130110
_lUCH01
_h1613
590 _aBATCH-UPD
_b10
_c20130409
_lUCH01
_h2341
590 _aBATCH-UPD
_b10
_c20130914
_lUCH01
_h1208
590 _aCONVERSION
_b10
_c20130109
_lUCH01
_h1348
650 1 4 _aDistrito de Riego Lázaro Cárdenas, Mich.
_932902
650 1 4 _aIrrigación
_xMichoacán.
_960430
650 1 4 _aRiego de superficie.
_997372
901 _aBK
905 _aAlejandra Carrasco M.
942 _cFOLL
949 _aTesis
_bBC
_cTES
_d33724000875191
_eTS2
_fc.2
_h39662
_i97572
_sb
949 _aTesis
_bBC
_cTES
_d975721
_eTS1
_h39661
_i97572
_sb
999 _c86059
_d86059